Every City in Rwanda - Statistics

General Stats
  • This quiz has been taken 8 times
  • The average score is 4 of 25
Answer Stats
City Population % Correct
K Kigali 859,332
100%
G Gisenyi 136,830
43%
B Byumba 34,544
29%
C Cyangugu 27,416
29%
G Gitarama 49,038
29%
R Ruhengeri 59,333
29%
R Rwamagana 18,009
29%
B Bigogwe 12,015
14%
B Bugaragara 12,490
14%
B Bugarama 24,679
14%
B Butare 50,220
14%
K Kayonza 21,582
14%
K Kibuye 12,325
14%
K Kinigi 11,530
14%
M Mabanza 10,431
14%
M Mukingo 12,460
14%
N Nyamata 17,076
14%
R Ruhango 17,051
14%
G Gikongoro 16,695
0%
K Kibungo 11,537
0%
K Kora 10,465
0%
M Mugina 14,755
0%
M Mukamira 15,101
0%
N Nyanza 25,417
0%
U Umatara 14,320
0%
No matching quizzes found
Score Distribution
Percent of People with Each Score
Percentile by Number Answered
Your Score History
You have not taken this quiz